BTS - BUTTER - Statistics

General Stats
  • This quiz has been taken 360 times
    359 since last reset
  • The average score is 296 of 371
Answer Stats
Hint Answer % Correct
butter
99%
Yoongi Butter
99%
like
98%
a
97%
Hobi | Jungkook Smooth
97%
smooth
97%
criminal
96%
I
95%
undercover
92%
that
91%
go
90%
you
90%
the
89%
to
89%
in
88%
my
88%
it
87%
heart
85%
Namjoon Do
84%
look
84%
me
84%
mother
84%
summer
84%
when
84%
your
84%
Jungkook | Yoongi Break
83%
Taehyung Cool
83%
cool
83%
Let
83%
let
83%
be
82%
got
82%
Got
82%
Hot
82%
hot
82%
into
82%
mirror
82%
baby
81%
Jimin | Jin Oh
81%
oh
81%
shade
81%
beat
80%
right
80%
so
80%
step
80%
with
80%
Get
79%
get
79%
I'm
79%
left
79%
makin
79%
Makin
79%
roll
79%
moon
78%
pop
78%
rock
78%
show
78%
yeah
78%
is
77%
Jimin | Jin Know
77%
know
77%
no
77%
Yoongi No
77%
Jimin | Jungkook | Taehyung Side
77%
sweat
77%
Gon
76%
gon
76%
stunner
76%
superstar
76%
trouble
76%
two
76%
down
75%
glow
75%
heat
75%
we
75%
Breakin
74%
high
74%
talk
74%
all
73%
cheap
73%
and
72%
cause
72%
Don't
72%
don't
72%
I'll
72%
melt
72%
other
72%
owe
72%
us
72%
on
71%
boogie
70%
up
68%
Jin Ain't
67%
ain't
67%
Pull
67%
pull
67%
ice
66%
Usher
65%
mind
64%
nice
64%
wrist
64%
army
63%
Jungkook bad
63%
body
63%
make
63%
need
62%
say
62%
can
60%
love
60%
stop
60%
remind
59%
straight
59%
behind
58%
fall
58%
hate
58%
lay
58%
low
58%
sweep
58%
Namjoon Cooler
57%
god
57%
Hotter
57%
ya
57%
party
56%
robber
56%
Hobi Sweeter
56%
vibe
54%
Namjoon Fresh
50%
let's
50%
boy
47%
bass
46%
rolling
46%
movin
42%
bummer
39%
bounce
38%
this
23%
playas
22%
No matching quizzes found
Score Distribution
Percent of People with Each Score
Percentile by Number Answered
Your Score History
You have not taken this quiz since the last reset